Statistics for Countries with over 50 millions population By:Max

Click here to take the quiz!

General Stats

  • This quiz has been taken 30 times
  • The average score is 25 of 30

Answer Stats

PopulationAnswer% Correct
1.43BChina
100%
212MBrazil
96%
102MEgypt
96%
65MFrance
96%
1.38BIndia
96%
126MJapan
96%
128MMexico
92%
145MRussia
92%
67MUk
92%
83MGermany
88%
60MItaly
88%
206MNigeria
88%
(Extra) 46MSpain
88%
331MUSA
88%
273MIndonesia
85%
109MPhilippines
85%
59MSouth Africa
85%
114MEthiopia
81%
220MPakistan
81%
83MIran
77%
69MThailand
77%
84MTurkey
77%
164MBangladesh
73%
50MColombia
73%
51MSouth Korea
73%
97MVietnam
73%
89MDR Congo
62%
53MKenya
58%
59MTanzania
54%
54MMyanmar
46%

Score Distribution

Percentile by Number Answered

Percent of People with Each Score

Your Score History

You have not taken this quiz